000 00980pam a2200289 a 4500
001 3794
005 20240508102201.0
020 _a9780590461313
040 _aDLC
_cDLC
_dDLC
_beng
050 0 0 _aQH541.5.R27
082 0 0 _a577.34
100 1 _aBaker, Lucy
_d1964-
245 1 0 _aLife in the rainforests :
_cLucy Baker
_bAnimals , people , plants /
250 _aFirst Scholastic printing , March 1993
260 _aNew York :
_bScholastic ;
_c1990
300 _a31 pages :
_bcolor illustrations ;
_c28 cm.
490 _a Life in The...
505 _aZ
520 _aDescribes the importance of rain forests, types of plant and animal life that live there, and how rain forests are threatened by deforestation.
521 _a980
_bLexile
521 _aZ
_bRaz-Plus
650 0 _aRain forest ecology
_xJuvenile literature.
650 1 _aRain forest ecology.
650 1 _aEcology.
906 _a7
_bcbc
_corignew
_d1
_eocip
_f19
_gy-gencatlg
942 _2ddc
_cBK
_n0
999 _c3794
_d3794